000 00840nam a2200241 i 4500
001 77792
003 ES-MaACL
005 20230906173359.0
007 t|
008 041110s1981 sp af |||| | spa d
020 _a84-261-1719-8
080 _a902(72)
080 _a929 Stingl, Miloslav
100 1 _aStingl, Miloslav.
_9108232
245 1 3 _aEl secreto de las pirámides mayas
_b: el descubrimiento de las altas culturas de los indios de Centroamérica contado por un investigador /
_cMiloslav Stingl ; [traducción de Mariano Orta Manzano].
250 _a1ª ed.
260 _aBarcelona :
_bJuventud,
_c1981.
300 _a205 p., 1 h., 8 h. de lám. :
_bil. ;
_c23 cm.
650 1 4 _aMayas.
_9146359
650 4 _aMayas-
_xRestos arqueológicos.
_914867
700 1 _aOrta Manzano, Mariano.
_987384
852 _aES-MaACL
_jE-10295
999 _c77792
_d77792